000 00263nam a2200145Ia 4500
100 _aISTE Handbook 97 98
650 _aGeneral
942 _cBK
654 _aCIICP
245 _aCIICP
260 _bnone
300 _a2621
546 _aENGLISH
999 _c30201
_d30201